000 00620nam a2200181Ia 4500
008 090124s9999 xx 000 0 und d
082 _b20584
100 _aकेळकर न. चि.
245 _a गौतम बुध्द ते महात्मा गांधी
250 _a1
260 _c1969
300 _a142
600 _aकेळकर न. चि.
630 _a गौतम बुध्द ते महात्मा गांधी
700 _aकेळकर न. चि.
730 _a गौतम बुध्द ते महात्मा गांधी
942 _cBOOK
999 _c134388
_d134388